000 00527nam a22001577a 4500
999 _c9511
_d9511
003 AR-CdUCM
008 190328b ||||| |||| 00| 0 spa d
040 _aMUNICIPALIDAD PROVINCIAL DEL CUSCO
_cBIBLIOTECA MUNICIPAL DEL CUSCO
082 _a349.85 /
_bC89 / 1957
100 _aFernidinand Cuadros y Villena, Carlos
_925760
245 _aAnálisis critico de la legislación peruana tutelar del indio /
260 _aLima :
_bTipografía Peruana,
_c1957.
300 _a15 páginas ;
_c25 cm.
942 _2ddc
_cLIBROS
945 _awfj